|
|
|
|
| LEADER |
02669nam a2200685 i 4500 |
| 001 |
nkc20203266772 |
| 003 |
CZ PrNK |
| 005 |
20210212084511.0 |
| 007 |
ta |
| 008 |
201127s2020 xr a f 000 0 cze |
| 015 |
|
|
|a cnb003266772
|
| 020 |
|
|
|a 978-80-7509-731-6
|q (brožováno)
|
| 035 |
|
|
|a (OCoLC)1237099002
|
| 040 |
|
|
|a BOA001
|b cze
|d ABA001
|e rda
|
| 041 |
0 |
|
|a cze
|b cze
|b eng
|
| 072 |
|
7 |
|a 631
|x Zemědělství. Pedologie. Agrotechnika. Agroekologie
|2 Konspekt
|9 24
|
| 080 |
|
|
|a 631.8
|2 MRF
|
| 080 |
|
|
|a 631.879.4
|2 MRF
|
| 080 |
|
|
|a 631.86/.87
|2 MRF
|
| 080 |
|
|
|a 634.8.047
|2 MRF
|
| 080 |
|
|
|a 634.1.047
|2 MRF
|
| 080 |
|
|
|a (083.744)
|2 MRF
|
| 100 |
1 |
|
|a Zemánek, Pavel,
|d 1956-
|7 mzk2004148524
|4 aut
|
| 245 |
1 |
0 |
|a Hloubková aplikace organické hmoty do příkmenných pásů vinic a sadů :
|b uplatněná certifikovaná metodika /
|c Pavel Zemánek, Patrik Burg, Vladimír Mašán, Alice Čížková, Patrik Zatloukal, Pavel Pavloušek, Antonín Jelínek, Barbora Badalíková
|
| 250 |
|
|
|a Vydání první
|
| 264 |
|
1 |
|a Brno :
|b Mendelova univerzita v Brně,
|c 2020
|
| 300 |
|
|
|a 55 tran :
|b barevné ilustrace ;
|c 21 cm
|
| 336 |
|
|
|a text
|b txt
|2 rdacontent
|
| 337 |
|
|
|a bez média
|b n
|2 rdamedia
|
| 338 |
|
|
|a svazek
|b nc
|2 rdacarrier
|
| 490 |
1 |
|
|a Uplatněná certifikovaná metodika
|
| 500 |
|
|
|a 200 výtisků
|
| 504 |
|
|
|a Obsahuje bibliografii
|
| 546 |
|
|
|a České a anglické resumé
|
| 650 |
0 |
7 |
|a hnojení
|7 ph120767
|2 czenas
|
| 650 |
0 |
7 |
|a komposty
|7 ph114955
|2 czenas
|
| 650 |
0 |
7 |
|a organická hnojiva
|7 ph123786
|2 czenas
|
| 650 |
0 |
7 |
|a vinice
|7 ph288754
|2 czenas
|
| 650 |
0 |
7 |
|a ovocné sady
|7 ph123877
|2 czenas
|
| 650 |
0 |
9 |
|a fertilizing
|2 eczenas
|
| 650 |
0 |
9 |
|a composts
|2 eczenas
|
| 650 |
0 |
9 |
|a organic fertilizers
|2 eczenas
|
| 650 |
0 |
9 |
|a vineyards
|2 eczenas
|
| 650 |
0 |
9 |
|a orchards
|2 eczenas
|
| 655 |
|
7 |
|a certifikované metodiky
|7 fd806827
|2 czenas
|
| 655 |
|
9 |
|a certified methodology
|2 eczenas
|
| 700 |
1 |
|
|a Burg, Patrik,
|d 1977-
|7 mzk2004148525
|4 aut
|
| 700 |
1 |
|
|a Mašán, Vladimír
|7 pna2015895251
|4 aut
|
| 700 |
1 |
|
|a Čížková, Alice
|7 mzk20201097355
|4 aut
|
| 700 |
1 |
|
|a Zatloukal, Patrik
|4 aut
|
| 700 |
1 |
|
|a Pavloušek, Pavel
|7 mzk2005312896
|4 aut
|
| 700 |
1 |
|
|a Jelínek, Antonín
|7 mzk2004258434
|4 aut
|
| 700 |
1 |
|
|a Badalíková, Barbora,
|d 1954-
|7 mzk2002148182
|4 aut
|
| 810 |
2 |
|
|a Mendelova univerzita.
|t Metodika
|0 s
|
| 910 |
2 |
|
|a BOA001
|b 2-1457.436
|
| 990 |
|
|
|a BK
|
| 995 |
|
|
|a 01
|
| 991 |
|
|
|b 202101
|c NOV
|
| 996 |
6 |
|
|b 2610847814
|c 2-1457.436
|l MZK
|r Sklad / do 1 hodiny
|n 0
|p p.v.
|w 001836645
|u 000010
|a 1
|e BOA001
|j MZK50
|s P
|
| 996 |
7 |
|
|b 2610847815
|c 2-1457.436
|l MZK
|r Sklad / do 1 hodiny
|n 1
|p p.v.
|w 001836645
|u 000020
|a 1
|e BOA001
|j MZK50
|s A
|